[Event "Corus"]
[Site "Wijk aan Zee"]
[Date "2002.01.15"]
[Round "3"]
[White "Khalifman, Alexander"]
[Black "Lautier, Joel"]
[Result "1/2-1/2"]
[WhiteElo "2688"]
[BlackElo "2687"]
[Annotator "Lautier,J"]
[PlyCount "85"]
[EventDate "2002.01.12"]
[EventType "tourn"]
[EventRounds "13"]
[EventCountry "NED"]
[EventCategory "18"]
[SourceTitle "CBM 087"]
[Source "ChessBase"]
[SourceDate "2002.03.21"]
[SourceVersion "1"]
[SourceVersionDate "2002.03.21"]
[SourceQuality "1"]

1. e4 c5 2. Nf3 Nc6 3. Bb5 Nf6 4. Nc3 g6 5. e5 Ng4 6. Bxc6 dxc6 7. h3 Nh6 8. g4
f5 9. g5 Nf7 10. d3 Be6 11. Qe2 Bg7 12. h4 $1 Bd5 (12... Qa5 13. Bd2 $14) (
12... b5 13. Bf4 $14) (12... h5 {/\ 0-0} 13. gxh6 Bxh6 14. Bxh6 Rxh6 15. O-O-O
$14) 13. Nxd5 (13. e6 $2 Ne5 14. Nxe5 Bxh1 15. Nf7 Qd4 $15) 13... Qxd5 (13...
cxd5 $6 14. e6 Nd6 15. h5 Qb6 16. c3 $16) 14. c4 $1 (14. Bf4 $6 Nd8 $1 $11)
14... Qe6 15. Bf4 h6 (15... h5 16. O-O $16) 16. O-O-O Rd8 (16... O-O-O 17. Qe3
b6 18. b3 $16 {/\ d4}) 17. Kc2 (17. Qe3 b6 18. b3 hxg5 19. hxg5 Rxh1 20. Rxh1
Kf8 21. Rd1 (21. d4 cxd4 22. Nxd4 Qd7 23. Nf3 Qe6) 21... Kg8 22. Rd2 (22. d4
cxd4 23. Nxd4 Qd7 24. e6 $2 Bxd4 25. exf7+ Kxf7 $15) 22... Kf8 23. d4 cxd4 24.
Nxd4 Qc8 $14 (24... Qd7 25. Qf3 $16)) 17... Kf8 $6 (17... hxg5 $142 18. hxg5
Rxh1 19. Rxh1 Kf8 $14) 18. Rhg1 $1 hxg5 19. Bxg5 $1 (19. hxg5 Rh3 $14) 19...
Bh6 (19... Nxe5 $2 20. Rde1 Nxf3 21. Qxf3 $18) (19... Nxg5 20. Rxg5 $1 $16 (20.
Nxg5 Qxe5 21. Qxe5 Bxe5 22. Ne6+ Kf7 23. Nxd8+ Rxd8 24. h5 gxh5 25. Rg5 Rh8 26.
Rxf5+ Ke6 27. Rf3 h4 28. Re1 Kd6 $11)) 20. Bxh6+ Rxh6 21. d4 (21. Qe3 b6 22.
Rg2 $16) 21... b6 (21... b5 $2 22. dxc5 Rxd1 23. Rxd1 bxc4 24. Rd4 $18) 22.
dxc5 $6 (22. b3 $1 {/\ dc5, Qe3} cxd4 23. Nxd4 Rxd4 24. Rxd4 c5 25. Rd5 (25.
Rf4 Qxe5 $14) 25... Rxh4 26. Qd2 Kg7 27. f4 $16) 22... Rxd1 23. Rxd1 bxc5 24.
b3 {/\ Qe3} f4 $1 $132 25. Qe4 Rh5 26. Qxf4 (26. Re1 Rf5 $14) 26... Qf5+ 27.
Qxf5 Rxf5 28. Rd3 Ke8 $1 (28... Nxe5 $6 29. Rd8+ Kf7 30. Nxe5+ (30. Ng5+ Kg7
31. f4 Nf7 32. Rd7 Kf6 33. Ne4+ Ke6 34. Rxa7 Rxf4 35. Nxc5+ Kd6 36. Nd3 Rxh4
37. a4 $36) 30... Rxe5 31. Kd3 $36) 29. Kd2 (29. Re3 Nh6 $1 $11) (29. e6 Nd8
$11) 29... Nxe5 30. Nxe5 Rxe5 31. Re3 Rf5 32. Ke2 Kf7 (32... Kd7 33. Rg3 Rf4
34. Rxg6 Rxh4 35. Rg8 $14) 33. Rd3 Ke8 (33... Ke6 $6 34. Rd8) 34. Rf3 Rh5 35.
Rf4 Re5+ (35... g5 $2 36. Rf5 $16) 36. Kf3 Re1 $1 $11 (36... g5 37. hxg5 Rxg5
38. Rg4 Rf5+ 39. Kg3 $14) 37. Re4 Ra1 38. Re6 Rxa2 39. Rxg6 Rb2 40. Rxc6 Rxb3+
41. Kg4 a5 42. Rxc5 a4 43. f4 (43. f4 Rc3 44. h5 Kf7 $11) 1/2-1/2

[Event "FIDE GP"]
[Site "Dubai"]
[Date "2002.04.03"]
[Round "1.2"]
[White "Khalifman, Alexander"]
[Black "Acs, Peter"]
[Result "1/2-1/2"]
[WhiteElo "2688"]
[BlackElo "2526"]
[Annotator "Huzman,A"]
[PlyCount "92"]
[EventDate "2002.04.03"]
[EventType "k.o. (rapid)"]
[EventRounds "5"]
[EventCountry "UAE"]
[SourceTitle "CBM 089"]
[Source "ChessBase"]
[SourceDate "2002.08.12"]
[SourceVersion "1"]
[SourceVersionDate "2002.08.12"]
[SourceQuality "1"]

1. Nf3 d5 2. d4 Nf6 3. c4 e6 4. Nc3 dxc4 5. e3 a6 6. a4 c5 7. Bxc4 Nc6 8. O-O
Qc7 9. d5 exd5 10. Nxd5 Nxd5 11. Qxd5 Na5 12. Ba2 Be6 13. Qe4 Qc6 (13... Qe7
14. Bxe6 (14. Bd2 Bxa2 15. Qxe7+ Bxe7 16. Rxa2 Nb3 17. Bc3 O-O 18. a5 f6 19.
Ra3 c4 20. Ra4 Rac8 21. Rd1 Rfd8 22. Rxd8+ Bxd8 23. Nd4 Rc5 24. Kf1 Nxd4 25.
Bxd4 Rxa5 26. Rxc4 $11 {1-0 Debarnot,R-Spangenberg,H/Buenos Aires 1993/EXT
2000 (57)}) 14... Qxe6 15. Qxe6+ fxe6 16. Bd2 Nb3 17. Rad1 Nxd2 18. Nxd2 Be7
19. a5 O-O-O 20. Ne4 Rxd1 21. Rxd1 Rd8 22. Rc1 Rd5 23. b4 Kd7 24. bxc5 Bd8 25.
Rb1 Kc6 26. Kf1 Bxa5 27. Ke2 Bc7 {1/2-1/2 Plachetka,J-Kallai,G/Trnava 1985/MCD
(27)}) 14. Qxc6+ Nxc6 15. Bxe6 fxe6 16. Bd2 {This move is less exact.} (16. Ng5
$1 e5 17. Bd2 Be7 18. Ne4 O-O-O 19. Rfc1 a5 20. Kf1 Rd5 21. Ke2 Rhd8 22. Bc3 b6
23. b3 $16 {1-0 Hodgson,J-Bus,M/Cappelle la Grande 1992/EXT 97 (53)}) 16... Be7
17. Bc3 Bf6 {Black covered all his weaknesses and may hope for an equal game.}
18. Bxf6 gxf6 19. a5 Nb4 {[%csl Rd3]} 20. Rfc1 Rc8 21. Nd2 Ke7 22. Nc4 Rhd8 23.
Kf1 Rd3 24. Rc3 Rcd8 25. Rxd3 (25. Ke2 R3d5 {It is very difficult for White to
improve his position.}) 25... Rxd3 26. Ke2 e5 27. Rc1 Rb3 28. Rc3 Rxc3 29. bxc3
Nd5 30. Kd3 Ke6 {[%cal Yf6f5,Ye5e4]} 31. g3 f5 32. f3 Nf6 33. Nd2 Nd7 34. e4 (
34. Kc4 Kd6 {[%cal Yb7b5]}) 34... b5 35. axb6 Nxb6 36. exf5+ Kxf5 37. c4 (37.
Nc4 $5 Nd7 (37... Nd5 38. Nd6+ Ke6 39. Ne4 $18) (37... Nxc4 $2 38. Kxc4 e4 39.
g4+ Kf4 40. fxe4 Kxe4 41. g5 (41. Kxc5 Kd3 42. h4 Kxc3 (42... a5 43. g5 a4 44.
Kb4 $18) 43. g5 a5 44. h5 a4 45. g6 hxg6 46. h6 $18)) (37... Nc8 38. h3 Ke6 39.
h4 Kd5 40. h5 $16) 38. Ne3+ Ke6 39. Kc4 Kd6 40. Nf5+ Kc6 41. Ne7+ Kd6 42. Nd5
a5 43. Ne3 Kc6 $11) 37... Nd7 38. Ne4 a5 39. Kc3 a4 40. Kb2 h5 41. h3 Nb6 42.
Nxc5 Nxc4+ 43. Kc3 Ne3 44. g4+ (44. Nxa4 e4 $11) 44... hxg4 45. hxg4+ Nxg4 46.
fxg4+ Kxg4 1/2-1/2

[Event "FIDE GP"]
[Site "Dubai"]
[Date "2002.04.04"]
[Round "2.1"]
[White "Khalifman, Alexander"]
[Black "Topalov, Veselin"]
[Result "0-1"]
[WhiteElo "2688"]
[BlackElo "2739"]
[Annotator "Dautov,R"]
[PlyCount "64"]
[EventDate "2002.04.03"]
[EventType "k.o. (rapid)"]
[EventRounds "5"]
[EventCountry "UAE"]
[SourceTitle "CBM 089"]
[Source "ChessBase"]
[SourceDate "2002.08.12"]
[SourceVersion "1"]
[SourceVersionDate "2002.08.12"]
[SourceQuality "1"]

{[%mdl 32768]} 1. d4 Nf6 2. c4 e6 3. Nf3 d5 4. Nc3 Be7 5. Qc2 c5 6. dxc5 d4 7.
Nb5 e5 8. Nxe5 a6 9. Na3 (9. Nd6+ $2 Bxd6 10. cxd6 Qa5+ $19) 9... O-O $146 {
Eine interessante Neuerung, die zu einem komlizierten Spiel führt. Schwarz
gewinnt einen Bauern zurück und bekommt Kompensation für den zweiten. Die
Heimanalyse zahlt sich bald aus, Weiß verliert bald den Faden.} (9... Bxc5 10.
Nd3 Bxa3 11. bxa3 O-O 12. g3 Re8 13. Bg2 Bg4 14. O-O Bxe2 15. Re1 Bxd3 16.
Rxe8+ Qxe8 17. Qxd3 Qe1+ $2 18. Qf1 Qc3 19. Rb1 $16 {Dreev,A-Vaganian,R/
Budapest 1996}) 10. g3 (10. Nd3 $5 Bf5 $44 {/\Nbd7}) 10... Qa5+ 11. Bd2 Qxc5
12. Nd3 {Der Verzicht auf das Rochaderecht ist hier besonders riskant, da die
lange Rochade sehr gefährlich erscheint.} ({Sicherer war} 12. Nf3 Bf5 13. Qb3
Nc6 14. Bg2 Ne4 15. O-O Rac8 $44 {, wonach Schwarz "nur" über eine
ausreichende Kompensation verfügt.}) 12... Qc6 13. Rg1 (13. f3 $6 Bxa3 14. bxa3
Re8 $36) 13... Bf5 14. Bg2 Qc8 15. c5 $2 {Dieser Zug gefällt mir nicht, der
Pc5 wird gleich zum Angriffsobjekt.} (15. Qb3 Nc6 $44 {/\} 16. O-O-O $6 b5 $1)
15... Nbd7 16. c6 (16. b4 a5 $36) 16... Bxa3 17. bxa3 Ne5 18. Nxe5 Bxc2 19.
cxb7 Qe6 20. bxa8=Q Rxa8 21. Bxa8 Qxe5 {Materialmäßig kann Weiß nicht klagen,
aber sein König ist gefährdet.} 22. Bf4 $2 (22. Rc1 d3 23. e3 Ne4 $40) ({
Notwendig war} 22. f4 $1 {/\Bf3,Kf2}) 22... Qa5+ 23. Kf1 $2 (23. Bd2 Qxa3 $17)
23... g5 $19 24. Bc1 (24. Bb8 Qd8 $19) (24. Rc1 d3 $19) 24... Qc3 25. Kg2 Qc8 (
25... Qxa1 26. Bxg5 $17) 26. Bxg5 (26. Bf3 g4 $19) 26... Qxa8+ 27. f3 Qe8 28.
Rge1 Nd5 29. Rac1 Qa4 30. Kg1 f6 31. Bd2 Kf7 32. Kg2 Nb6 0-1

[Event "FIDE GP"]
[Site "Dubai"]
[Date "2002.04.04"]
[Round "2.2"]
[White "Topalov, Veselin"]
[Black "Khalifman, Alexander"]
[Result "1/2-1/2"]
[WhiteElo "2739"]
[BlackElo "2688"]
[Annotator "Meulders,R"]
[PlyCount "67"]
[EventDate "2002.04.03"]
[EventType "k.o. (rapid)"]
[EventRounds "5"]
[EventCountry "UAE"]
[SourceTitle "CBM 089"]
[Source "ChessBase"]
[SourceDate "2002.08.12"]
[SourceVersion "1"]
[SourceVersionDate "2002.08.12"]
[SourceQuality "1"]

1. Nf3 d6 2. d4 Nf6 3. c4 Nbd7 4. Nc3 e5 5. e4 c6 6. Be2 Be7 7. O-O a6 8. Qc2
O-O 9. Rd1 Qc7 10. Bg5 Re8 (10... b5 11. cxb5 cxb5 12. Rac1 Re8 13. a4 b4 14.
Nd5 Qxc2 15. Nxe7+ Rxe7 16. Rxc2 $14 {Poluljahov,A-Shuraev,A URS-sf Voronez
1991 EXP/22} Bb7 17. Rc7 $14 {Polujahov-Shuraev/USSR ch1/2/1991}) (10... h6 11.
Bh4 Re8 (11... b5 12. cxb5 (12. a3 Bb7 (12... Re8 13. Rac1 Bb7 14. dxe5 dxe5
15. b4 Rad8 16. Qb3 Qb8 17. Bg3 Nh5 18. a4 $14 {Khalifman-Ubilava/USSR ch1l/
1986}) 13. Rac1 Rac8 14. Qb1 (14. dxe5 dxe5 15. b4 $5) 14... Qb8 $10 {
Balashov-Chekhov/USSR ch/1984}) 12... cxb5 13. Rac1 $14) 12. h3 (12. b4 Nf8 13.
Bg3 Nh5 14. dxe5 Nxg3 15. hxg3 dxe5 16. c5 $10 {Litvinov-Malaniuk/Minsk/1985})
12... b6 $6 (12... Nf8 13. Bg3) 13. Bg3 Bb7 14. c5 $1 $16 {Yusupov-Vaganian/
Montpellier ct/1985}) 11. Rac1 {Die Aufstellung der Türme dürfte das
schwierigste Thema im Mittelspiel sein. Ich kenne keine einzige Monografie
darüber. Eine Idee vielleicht? Der Textzug ist 'logisch', weil er die Dame
deckt und den Druck entlang der c-Linie verstärkt, aber} (11. Rd2 $5 {mit der
Idee Rad1 und Druck auf der d-Linie dürfte stärker sein.} h6 12. Bh4 Nf8 13. c5
exd4 14. cxd6 Bxd6 15. Bxf6 dxc3 16. Bxc3 Bf4 (16... Ng6 $5) 17. Rdd1 Bg4 18.
g3 Bxf3 19. Bxf3 Be5 20. Bxe5 Rxe5 21. Rd2 $14 {Kozul,Z-Lobron,E Vidmar-mem
1989 CBM/14}) (11. h3 $5 {ist auch eine gute Möglichkeit die in indischen
Stellungen oft auftaucht. Der Zug hat mehrere Zwecke: Luft für den weißen
König, aber noch wichtiger: das Feld g4 wird Schwarz genommen.} b5 (11... Nf8
12. c5 $13 dxc5 13. dxe5 N6d7 14. Bf4 Ng6 {Polujahov-Emoldi/Kobanya/1992}) 12.
dxe5 dxe5 13. cxb5 cxb5 14. Rac1 Bb7 15. a4 $1 $14 {Misuckov-Kuksov URS 1988
46/(94)}) 11... Nf8 (11... h6) 12. h3 $1 {[%csl Rg4]} Ng6 13. a3 $6 {Ich
glaube dies ist zu langsam} (13. b4 $5 Nh5 14. Be3 $1 (14. dxe5 dxe5 15. Bxe7
Qxe7 16. c5 Nhf4 $11) 14... Nhf4 15. dxe5 dxe5 16. c5 Be6 17. Na4 Rad8 18. Nb6
$14) 13... Nh5 14. Be3 $1 {[%csl Rf4] Der schwarze Be7 ist schlecht und Weiß
möchte selbstverständlich die Kontrolle über die schwarzen Feldern um seinen
König nicht aufgeben, ergo ist es normal den Läufer zu behalten.} Nhf4 15. Bf1
h6 16. dxe5 dxe5 17. Na4 {[%csl Rb6]} Be6 {Rechtzeitig macht der B Platz für
Ra-d8 nach z.B. Nb6.} 18. Kh2 Rac8 (18... Rad8 $4 19. Bb6 $18) 19. g3 Nh5 20.
Nc5 {[%cal Gc5e6]} Bxc5 21. Bxc5 Rcd8 $1 {Jetzt muss Schwarz natürlich die
d-Linie besetzen.} 22. Qb3 {/\Bb6+-} b5 23. Rxd8 Qxd8 24. Rd1 Qc8 25. Qe3 (25.
Qc2 $5) (25. Qc3 Nf6 26. Qc2) 25... bxc4 (25... Rd8) 26. Nd2 Rd8 27. Rc1 Qb8 {
So behält Schwarz den Mehrbauern, aber im Endspiel wiegt das weiße Läuferpaar
diesen Nachteil auf.} 28. Nxc4 Bxc4 29. Bxc4 Qxb2 30. Qc3 $1 Qxc3 (30... Qb7 $5
31. Qa5 Ra8 32. Rd1 Nf6 $15) 31. Rxc3 $44 Nf6 32. Bd3 $1 (32. f3 $17 {[%csl
Ra2,Rb2,Rc2,Rd2,Re2,Rf2,Rg2,Rh2]}) 32... Rb8 33. Bb4 Rd8 34. Kg2 {[%csl Ra6]
[%cal Gg2f3,Gf3e3]} 1/2-1/2

[Event "FIDE GP+"]
[Site "Dubai"]
[Date "2002.04.05"]
[Round "3.2"]
[White "Lautier, Joel"]
[Black "Khalifman, Alexander"]
[Result "0-1"]
[WhiteElo "2687"]
[BlackElo "2688"]
[Annotator "Hecht,H"]
[PlyCount "83"]
[EventDate "2002.04.03"]
[EventType "k.o. (rapid)"]
[EventRounds "5"]
[EventCountry "UAE"]
[SourceTitle "CBM 089"]
[Source "ChessBase"]
[SourceDate "2002.08.12"]
[SourceVersion "1"]
[SourceVersionDate "2002.08.12"]
[SourceQuality "1"]

1. d4 Nf6 2. c4 e6 3. Nf3 c5 4. d5 d6 5. Nc3 exd5 6. cxd5 g6 7. h3 a6 8. a4 Qe7
9. Bg5 Bg7 10. e3 h6 11. Bh4 O-O 12. Be2 Bf5 13. Nd2 g5 14. Bg3 Nbd7 15. Nc4
Ne8 16. Bg4 Bxg4 17. hxg4 Ndf6 18. f3 Nd7 19. Ne4 f5 20. gxf5 Rxf5 21. Nexd6
Nxd6 22. Bxd6 Qf7 23. e4 Re8 24. Ne3 Bxb2 25. Nxf5 Qxf5 26. Rxh6 Nf6 27. g4
Nxg4 28. Re6 Rxe6 29. dxe6 Qxe6 30. Qd5 Qxd5 31. exd5 Bxa1 32. fxg4 c4 {
Thema: Verbundene vs Einzelfreibauern; Taktik} 33. Be7 (33. a5 Bc3+) 33... Kf7
34. Bxg5 b5 35. axb5 axb5 36. Kd1 b4 37. Bd2 (37. Bf4 b3 38. Kc1 Bd4 39. Kd2
Kf6 40. Kc1 c3 41. Kb1 Bc5 42. Bc1 Ke5 43. Bb2 Bd4 44. Kc1 c2 (44... Kxd5 $19)
45. Bxd4+ Kxd4 46. Kb2 Kd3 47. d6 Kd2 $19) 37... b3 38. g5 Be5 39. Kc1 c3 40.
Be3 Kg6 41. Kb1 Kf5 42. g6 (42. Bc1 c2#) (42. Ka1 c2+) (42. Kc1 Ke4 {jeweils -+
}) 0-1

[Event "FIDE GP+"]
[Site "Dubai"]
[Date "2002.04.07"]
[Round "4.1"]
[White "Dreev, Alexey"]
[Black "Khalifman, Alexander"]
[Result "1/2-1/2"]
[WhiteElo "2683"]
[BlackElo "2688"]
[Annotator "Dautov,R"]
[PlyCount "52"]
[EventDate "2002.04.03"]
[EventType "k.o. (rapid)"]
[EventRounds "5"]
[EventCountry "UAE"]
[SourceTitle "CBM 089"]
[Source "ChessBase"]
[SourceDate "2002.08.12"]
[SourceVersion "1"]
[SourceVersionDate "2002.08.12"]
[SourceQuality "1"]

{[%mdl 32768]} 1. d4 Nf6 2. c4 e6 3. Nf3 d5 4. Nc3 Be7 5. Bf4 O-O 6. e3 c5 7.
dxc5 Bxc5 8. cxd5 Nxd5 9. Nxd5 exd5 10. a3 Nc6 11. Bd3 Bd6 {Eine der
sichersten Varianten für Schwarz. Der weiße Minivorteil läßt sich kaum halten,
geschweige denn vergrößern.} 12. Bg3 $146 {Diese Neuerung vermag die
Stellungseinschätzung nicht zu verändern. Schwarz gleicht mühelos aus.} (12.
Qa4 h6 (12... Bxf4 13. Qxf4 d4 14. O-O-O Qd5 15. exd4 Be6 16. Qe4 Rfc8 17. Qxd5
Bxd5 18. Kb1 Rd8 $11 {Yermolinsky,A-Shabalov,A/Seattle 2002}) 13. O-O Be6 14.
Rad1 Rc8 15. Rd2 Bxf4 16. Qxf4 g5 17. Qa4 Qa5 18. Qd1 Rfd8 19. h3 d4 20. Nxd4
Nxd4 21. exd4 Bb3 22. Qe1 Re8 23. Re2 Qxe1 24. Rfxe1 Rxe2 25. Bxe2 Rc2 $11 {
Dreev,A-Short,N/Beijing 2000}) (12. Bxd6 Qxd6 13. O-O Qf6 {/\Bg4} 14. Qb3)
12... Qf6 13. Qc2 h6 14. Bxd6 Qxd6 15. Rd1 (15. O-O Bg4 $11) 15... Qf6 (15...
Bg4 16. Bh7+ Kh8 17. Be4 Be6 18. O-O $11) 16. O-O (16. h3 Be6 17. Be2 (17. O-O
$2 Bxh3) 17... Rac8 18. Qd2 Rfd8 19. O-O Bf5 $11) 16... Bg4 17. Be2 Rac8 18.
Qd2 Rfd8 19. Nd4 (19. Rc1 d4 20. Nxd4 Bxe2 21. Qxe2 Nxd4 22. exd4 Qxd4 $11)
19... Bxe2 20. Qxe2 (20. Nxe2 Ne5 {/\Nc4} 21. b3 Qa6 $132) 20... Qg6 21. Qb5 (
21. Nxc6 bxc6 $11) 21... Nxd4 22. Rxd4 Qc6 23. Qb3 b6 24. Rfd1 Qc2 $11 25. Qa2
(25. Qxc2 Rxc2 26. R4d2 Rdc8 27. Kf1 Kf8 28. Ke2 Ke7 29. Rxc2 Rxc2+ 30. Rd2 Rc5
$11) 25... Qe2 26. Rf1 Rc4 1/2-1/2

[Event "FIDE GP+"]
[Site "Dubai"]
[Date "2002.04.07"]
[Round "4.2"]
[White "Khalifman, Alexander"]
[Black "Dreev, Alexey"]
[Result "1-0"]
[WhiteElo "2688"]
[BlackElo "2683"]
[Annotator "Lukacs,P"]
[PlyCount "81"]
[EventDate "2002.04.03"]
[EventType "k.o. (rapid)"]
[EventRounds "5"]
[EventCountry "UAE"]
[SourceTitle "CBM 089"]
[Source "ChessBase"]
[SourceDate "2002.08.12"]
[SourceVersion "1"]
[SourceVersionDate "2002.08.12"]
[SourceQuality "1"]

1. e4 c6 2. d4 d5 3. e5 Bf5 4. Nc3 e6 5. g4 Bg6 6. Nge2 Ne7 7. Nf4 c5 8. dxc5
Nec6 9. h4 Qa5 $5 {[%mdl 8]} (9... Qc7 10. Bg2 Qxe5+ 11. Kf1 (11. Nfe2 $6 h6 $1
{- Bachin-Galkin, RUS-ch 54th Elista 2001 CBM 83}) (11. Nce2 Na6 $5 (11... Bxc5
12. h5 Be4 13. f3 Nd7 {- Smirnov-Volzhin, RUS-ch 53rd Samara 2000 CBM 77} (
13... f5 {- Svidler-Dreev, RUS-Tean Smolensk 2000 CBM 77})) 12. h5 Be4 13. f3
O-O-O 14. Bd2 Bxc5 {- Shirov-Bareev, Montecatini Terme 2000 CBM 79}) (11. Qe2
$2 {is now weak, compare to the game continuation with an extra Bd2.} Qxe2+ 12.
Ncxe2 Bxc5 $17) 11... Bxc5 (11... d4 {- Shirov-Bareev, FIDE-Wch k.o.New Delhi
2000 CBM 80}) (11... Nd4 $4 12. Nxg6 hxg6 13. f4 $18) 12. h5 Be4 13. f3 {
- Sakaev-Bareev, FIDE-Wch k.o. 2001 CBM 86}) 10. Bd2 Qc7 11. Bg2 Qxe5+ 12. Qe2
$1 {This is the difference!} (12. Nce2 $2 Qxb2 $17) (12. Kf1 Nd4 (12... Bxc5
13. h5) 13. Nxg6 (13. Rc1 Bxc5) 13... hxg6 14. Be3 Ndc6 15. Nb5 Na6) (12. Nfe2
Nb4 13. Rc1 Bxc5 14. Bf4 Qf6) 12... Qxe2+ 13. Ncxe2 $1 Na6 (13... Bxc2 $2 {
This was a poisoned P,} 14. Rc1 {and the B cannot escape!} Bg6 (14... Ba4 $2
15. Nc3 $18) 15. h5 Be4 16. f3 g5 17. Bc3 Rg8 18. Nxe6 fxe6 19. fxe4 $16) (
13... Bxc5 14. h5 Be4 15. f3 Bxc2 16. Rc1 Nb4 17. Bxb4 Bxb4+ 18. Kf1 $16 {
and material losses are inevitable again.}) 14. O-O-O Ne5 15. f3 (15. h5 Be4
$15) 15... h6 16. Bc3 Nc4 17. Nxg6 fxg6 18. Nf4 {>< e6, g6} Kf7 {[#] Now a
very nice tactical blow comes.} (18... Ne3 {is met by} 19. Nxe6 $1 Kf7 (19...
Nxd1 20. Rxd1 Kf7 21. f4 $1 Kxe6 22. Bxd5+ Ke7 23. Bxb7 Nc7 24. Bxa8 Nxa8 25.
Ba5 $1 $18 {and the N is trapped.}) 20. Nxf8 Rhxf8 21. Rd2 Rae8 22. Bh3 $16 {
and White's ^^ is rather dangerous.}) 19. Nxe6 $1 {This sacrifice is based on
the poor position of both knights.} Ne3 (19... Kxe6 20. Rhe1+ Kd7 (20... Kf7
21. f4 $1 Rd8 22. b3 Na3 23. Bxd5+ $16) 21. Rxd5+ Kc7 22. b3 $16) 20. Nxf8
Rhxf8 (20... Nxd1 21. Nxg6 $1 (21. Rxd1 Rhxf8 22. Rxd5 Rad8 23. f4 $14) 21...
Kxg6 (21... Nxc3 22. Nxh8+ Rxh8 23. bxc3 $16 {and White is a healthy P up.})
22. Rxd1 Rad8 23. f4 Nxc5 24. Bxd5 $16 {with more than enough compensation for
the exchange mainly because of the excellent ^^.}) 21. Rd2 Rac8 (21... Rae8 22.
Bh3 $16) 22. Bh3 {White wants to keep his ^^.} ({or} 22. Re1 $16) 22... Nxc5
23. Re1 Rfe8 24. g5 (24. Bd4 Nc4 25. Rxe8 Kxe8 26. Re2+ Kf7 27. g5 $16) 24...
Rc7 25. Bd4 $2 {This is a tactical blunder.} (25. Rd4 Rce7 $13) (25. Rde2 d4 $1
$132) (25. Kb1 $1 {was the cold-blooded prophylaxis.} Na4 (25... Rce7 26. Rde2
$16) (25... Nc4 26. Rde2 $16) 26. Bd4 Nc4 27. Rde2 $16) 25... Nf5 $2 ({missing
the nice tactical counterblow} 25... Nxc2 $1 26. Rxe8 Nxd4 27. Rc8 Ncb3+ 28.
Kd1 Rxc8 29. Bxc8 Nxd2 30. Kxd2 Nxf3+ $17) 26. Rxe8 Kxe8 27. Be5 $18 Rf7 (27...
Re7 28. Bxf5 Rxe5 29. Bxg6+ Ke7 30. f4 $18) 28. Rxd5 {White has an extra P
with a mighty ^^.} Nd7 29. h5 $1 gxh5 (29... Nxe5 30. Rxe5+ Re7 31. gxh6 gxh6 (
31... Rxe5 32. h7) 32. Rxe7+ Nxe7 33. hxg6 Nxg6 34. Kd2 $18) 30. g6 Re7 31. Bc3
(31. Rxd7 Rxe5 32. Rxb7 $18) 31... Ne3 32. Rxh5 Nb6 33. b3 Nbd5 34. Be5 Kd8 35.
Kd2 b5 36. Bd6 Re8 37. Re5 b4 38. Rxe8+ Kxe8 39. Be6 h5 40. Kd3 h4 41. Ke4 1-0